Rohrleitungstechnik /
Uložené v:
| Hlavný autor: | |
|---|---|
| Médium: | Kniha |
| Jazyk: | German |
| Vydavateľské údaje: |
Würzburg :
Vogel-Verlag,
1993
|
| Vydanie: | 6.Aufl. |
| Predmet: | |
| Tagy: |
Žiadne tagy, Buďte prvý, kto otaguje tento záznam!
|
MARC
| LEADER | 00000nam a22000003a 4500 | ||
|---|---|---|---|
| 001 | stu42472 | ||
| 005 | 20150617225720.4 | ||
| 008 | 940406s1993----gw------------------ger-d | ||
| 020 | |a 3-8023-1489-1 | ||
| 040 | |a STU |b slo | ||
| 041 | 0 | |a ger | |
| 044 | |a gw | ||
| 080 | |a 621.643 | ||
| 100 | 1 | |a Wagner, Walter |4 aut | |
| 245 | 1 | |a Rohrleitungstechnik / |c [aut.]Walter Wagner | |
| 250 | |a 6.Aufl. | ||
| 260 | |a Würzburg : |b Vogel-Verlag, |c 1993 | ||
| 300 | |a 262 s | ||
| 650 | 7 | |a Technika potrubná |2 stusub | |
| 996 | |b 284M030912 |c M*8594-1 |l MMKN |s A |a 24 |w stu42472_0001 | ||